Anciens logo de football - Statistiques

Statistiques générales
  • Ce quiz a été pris 96 fois
  • Le résultat moyen est 11 sur 16
Statistiques - réponses
Par images Hint Réponse % Correct
1950 – 1955 Liverpool
95%
1997 – 2016 Manchester City
95%
1961 – 1973 S.L Benfica
92%
1905 – 1923 Galatasaray
90%
2003 – 2005 Chelsea
82%
1977 – 1980 Olympique Lyonnais
79%
1989 – 1995 Tottenham
74%
1970 – 1972 PSG
70%
1902 – 1908 Real Madrid
69%
1929 – 1945 Schalke 04
67%
1899 – 1910 FC Barcelona
65%
1901 – 1906 Bayern Munich
57%
1888 – 1922 Arsenal
49%
1933 – 1981 Anderlecht
30%
1981 – 1987 AC Milan
23%
1911 – 1917 Atletico Madrid
15%
Aucun quiz correspondant
Distribution des résultats
% des personnes avec chaque résultat
Percentile par nombre de réponses
Votre historique - résultats
Vous n’avez pas pris ce quiz